000 00384nam a2200121Ia 4500
008 240731s9999 xx 000 0 und d
022 _a1559-5706
245 0 _aDiaspora, Indigenous, and Minority Education : Studies of Migration, Integration, Equity, and Cultural Survival
260 _bRoutledge
856 _uhttps://www.tandfonline.com/loi/hdim20
942 _2ddc
942 _cTFEJ
999 _c76250
_d76250
945 _a1
_bMadushi Gamage
_c1
_dMadushi Gamage